| 000 | 01021nam a2200313 i 4500 | ||
|---|---|---|---|
| 001 | 11298 | ||
| 003 | ES-MaACL | ||
| 005 | 20251109063036.0 | ||
| 007 | t| | ||
| 008 | 951023s1995 sp |||| |aspa j | ||
| 017 |
_aB 3090-1995 _bOficina Depósito Legal Barcelona |
||
| 020 | _a847223858X | ||
| 040 | _cES-MaACL | ||
| 080 | _a840-94"19" | ||
| 100 | 1 |
_aSemprún, Jorge, _d1923-2011 _9105418 _eaut |
|
| 245 | 1 | 3 |
_aLa escritura o la vida / _cJorge Semprún ; traducción de Thomas Kauf. |
| 250 | _aPrimera edición | ||
| 260 |
_aBarcelona : _bTusquets, _c1995. |
||
| 300 |
_a330 páginas ; _c21 cm. |
||
| 490 | 1 |
_aAndanzas ; _v237 |
|
| 600 | 1 | 4 |
_aSemprún, Jorge, _d1923-2011 _9105418 |
| 700 | 1 |
_aKauf, Thomas _967639 _etrl |
|
| 830 | 0 | 0 |
_aColección Andanzas _v237 _9234359 |
| 852 |
_aES-MaACL _jL-18557 _911600 _bR.124835 _cDEPO2 _xEncuadernación rústica con solapas |
||
| 942 |
_cMONOGRAFIA _n0 |
||
| 999 |
_c11298 _d11298 |
||